Music Quiz

Random Music or Lyrics Quiz

'90s Music Without Lyrics Quiz Stats

Quiz Updated Aug 11, 2016

Challenge
Share
Tweet
Score 0/45 Timer 12:00
0 Plays Today
Time Song % Correct
1:28Gangsta's Paradise
83%
2:48Livin' La Vida Loca
81.2%
0:32Everybody (Backstreet's Back)
79.3%
3:28Wonderwall
77.7%
5:04...Baby One More Time
76.3%
0:24Genie In A Bottle
74.5%
5:44Bittersweet Symphony
74.4%
2:32Black Or White
73.8%
4:24Losing My Religion
73.6%
0:48Loser
70.8%
3:04Enter Sandman
70.3%
1:52Unbelievable
68.4%
2:08Iris
66.4%
5:20Waterfalls
65.5%
0:00Thunderstruck
65.3%
0:56Song 2
64.9%
4:40Closing Time
63.6%
0:16I Don't Want To Miss A Thing
62.2%
2:16When I Come Around
60.9%
3:20Just A Girl
59.9%
4:48Gettin' Jiggy Wit It
59.1%
1:20Tubthumping
57%
4:32I'm Too Sexy
57%
Time Song % Correct
3:36Pretty Fly (For A White Guy)
56.1%
4:16Give It Away
54%
0:40Sabotage
51.2%
2:24November Rain
48.8%
5:36One
46.6%
2:00Everlong
46.6%
0:08All That She Wants
45.7%
5:28California Love
42%
5:52Say It Ain't So
39.7%
3:52Even Flow
38.5%
4:56Black Hole Sun
37.4%
3:12Heart Shaped Box
35.8%
1:36Groove Is In The Heart
35.3%
4:08Karma Police
31.1%
1:12Zoot Suit Riot
30.6%
5:12Plush
23.9%
1:44Nuthin' But A G Thang
23.3%
4:00The Show Must Go On
20.5%
1:04My Favourite Game
18.2%
2:56Symphony Of Destruction
13.2%
3:44Cowboys From Hell
12.1%
2:40Painkiller
5.9%

You're not logged in!

Compare scores with friends on all Sporcle quizzes.
Join for Free
OR
Log In

You Might Also Like...

Show Comments

Extras

Top Quizzes Today


Score Distribution

Your Account Isn't Verified!

In order to create a playlist on Sporcle, you need to verify the email address you used during registration. Go to your Sporcle Settings to finish the process.

Report this User

Report this user for behavior that violates our Community Guidelines.

Details: